Vui học tập quán ngữ : Tiếng Anh thưc hành . t. II /
Gespeichert in:
| 1. Verfasser: | |
|---|---|
| Weitere Verfasser: | |
| Format: | Sách giấy |
| Sprache: | Vietnamese |
| Veröffentlicht: |
TP.HCM :
Trẻ ,
1992
|
| Tags: |
Tag hinzufügen
Keine Tags, Fügen Sie den ersten Tag hinzu!
|
| Thư viện lưu trữ: | Thư viện Trường Đại học Đà Lạt |
|---|
| LEADER | 00658nam a2200265 4500 | ||
|---|---|---|---|
| 001 | DLU020007663 | ||
| 005 | ##5/10/2000 | ||
| 020 | # | # | |a 978- |
| 041 | # | # | |a vie |
| 082 | # | # | |a 428.2 |b SM-J |
| 090 | # | # | |a 428.2 |b SM-J |
| 100 | # | # | |a Hồ Văn Hiệp |
| 245 | # | # | |a Vui học tập quán ngữ : |b Tiếng Anh thưc hành . |n t. II / |c Hồ Văn Hiệp, Smithback John, Yee Ching |
| 260 | # | # | |a TP.HCM : |b Trẻ , |c 1992 |
| 300 | # | # | |a 140 tr.; |c 19 cm. |
| 700 | # | # | |a Yee, Ching |
| 992 | # | # | |a 7400 |
| 994 | # | # | |a DLU |
| 900 | # | # | |a False |
| 911 | # | # | |a Administrator |
| 925 | # | # | |a G |
| 926 | # | # | |a A |
| 927 | # | # | |a SH |
| 980 | # | # | |a Thư viện Trường Đại học Đà Lạt |